Los orígenes del conflicto Sonora-Carranza /

محفوظ في:
التفاصيل البيبلوغرافية
التنسيق: كتاب
اللغة:الإسبانية
الموضوعات:
الوسوم: إضافة وسم
لا توجد وسوم, كن أول من يضع وسما على هذه التسجيلة!

MARC

LEADER 00000nam^a2200000^a^4500
001 000136348
005 20250526000000.0
009 20260310095315.709
037 |a Acervo ITESO - Biblioteca 
041 |a ESP 
082 |a 972. 170614  |b ORI 
245 1 4 |a Los orígenes del conflicto Sonora-Carranza / 
264 |a México :  |b editorial no identificada,  |c fecha no identificada 
300 |a 506 p. ;  |c 29.0 cm. 
562 |a Falta cubierta 
649 |a XX 
650 |a Política -  |z Sonora -  |x Historia -  |y Régimen Carrancista, 1917-1920 
650 |a Política -  |z México -  |x Historia -  |y Régimen Carrancista, 1917-1920 
650 |a Sonora -  |x Historia -  |y Régimen Carrancista, 1917-1920 
650 |a Sonora -  |x Historia -  |y Revolución, 1910-1917 
650 |a Sonora -  |x Historia -  |y 1910-1946 
650 |a Sonora -  |x Historia -  |y Siglo XX 
650 |a México -  |x Historia -  |y Régimen Carrancista, 1917-1920 
650 |a México -  |x Historia -  |y Revolución, 1910-1917 
650 |a México -  |x Historia -  |y 1910-1946 
650 |a México -  |x Historia -  |y Siglo XX 
910 |a Fondo Salvador Reynoso Reynoso 
920 |a Impresos - Libros 
930 |a Libros Antiguos y Raros 
905 |a 108 
901 |a 0800014432  |b IT2  |c LRA  |u 20250526 
902 |a https://opac.biblio.iteso.mx/vufind/Record/000136348